Vylepšenie brankára pre simulovaný robotický futbal

Enregistré dans:
Détails bibliographiques
Auteur principal: Csupka, Jozef (Auteur)
Autres auteurs: Kapustík, Ivan (Directeur de thèse)
Format: Manuscrit Livre
Langue:slovaque
Publié: 2017
Sujets:
Accès en ligne:http://is.stuba.sk/zp/portal_zp.pl?podrobnosti=96998
Tags: Ajouter un tag
Pas de tags, Soyez le premier à ajouter un tag!

MARC

LEADER 00000ntm a22000003a 4500
001 stuzp59107
003 SK-STU
005 20170624210741.4
007 ta
008 150427s2015----xo-----f-mn---000-0-slo-d
040 |a STU  |b slo 
041 0 |a slo 
100 1 |a Csupka, Jozef  |u 070200  |4 aut  |U FIIT Fakulta informatiky a informačných technológií  |T FIIT Ústav informatiky, informačných systémov a softvérového inžinierstva  |X 49437  |U I200  |Y 179  |7 49437 
242 0 1 |a Improvement of golie for simulated robotic football  |y eng 
245 1 0 |a Vylepšenie brankára pre simulovaný robotický futbal 
260 |c 2017 
650 4 |a Futbal  |2 slo 
650 4 |a Simulacia  |2 slo 
650 4 |a Brankar  |2 slo 
650 4 |a RoboCup  |2 slo 
650 4 |a Robocup  |2 eng 
650 4 |a Football  |2 eng 
650 4 |a artificial intelligence  |2 eng 
650 4 |a Simulation  |2 eng 
650 4 |a Robot  |2 eng 
650 4 |a Goalkeeper  |2 eng 
700 1 |a Kapustík, Ivan  |u 070200  |k Z1  |4 ths  |U FIIT Fakulta informatiky a informačných technológií  |T FIIT Ústav informatiky, informačných systémov a softvérového inžinierstva  |X 111  |U I200  |Y 179  |7 111 
856 4 |u http://is.stuba.sk/zp/portal_zp.pl?podrobnosti=96998 
996 |c I* BAP186/17  |l II680  |s P  |a 0  |w stuzp59107_0001